000 00404nam a2200157Ia 4500
003 LK-CoDNM
008 010623t2001 xxu||||| |||| 00| 1 eng d
040 _aLK-CoDNM
_dLK-CoDNM
_eLK-CoDNM
041 _aeng
080 _a347.471
_bHAN
245 _aHand Book Of Listed Companies 2001
260 _bColomno Stock Exchange
_aColombo
_c2001
300 _bp.313, 25 cm
650 _aCompanies
942 _cBK
999 _c120898
_d120898